| 000 | 00767nam a22002057a 4500 | ||
|---|---|---|---|
| 999 |
_c20299 _d20299 |
||
| 003 | AR-CdUCM | ||
| 008 | 190528b ||||| |||| 00| 0 spa d | ||
| 040 |
_aMUNICIPALIDAD PROVINCIAL DEL CUSCO _cBIBLIOTECA MUNICIPAL DEL CUSCO |
||
| 082 |
_a330.9 / _bM26 |
||
| 100 |
_aMarx, Carlos _92702 |
||
| 245 | _aFormaciones económicas precapitalistas / | ||
| 260 |
_aBuenos Aires : _bPlatina, _c1966. |
||
| 300 |
_a136 páginas ; _c20 cm. |
||
| 500 | _aColección / Hechos, Ideas y Ciencia. | ||
| 505 | _aContenido : Textos suplementarios de Marx y Engels sobre la determinación de los períodos históricos... | ||
| 650 |
_aCritica de la economía política y el capital _942430 |
||
| 650 |
_aPrólogo de Erick Hobsbawn _942431 |
||
| 942 |
_2ddc _cLIBROS |
||
| 945 | _aandy | ||